Comprehensive Modern Indian History/ (Record no. 207568)

MARC details
000 -LEADER
fixed length control field 00709nam a22002057a 4500
005 - DATE AND TIME OF LATEST TRANSACTION
control field 20241211121550.0
010 ## - LCCN (DPL NO)
LC control number DEC24SC ENG-142955
020 ## - INTERNATIONAL STANDARD BOOK NUMBER
International Standard Book Number 9789355016577
Terms of availability 450.00
035 ## - SYSTEM CONTROL NUMBER
System control number EN-126487
037 ## - SOURCE OF ACQUISITION
Source of stock number/acquisition DBAD
082 ## - DEWEY DECIMAL CLASSIFICATION NUMBER
Classification number 954
Edition number 1
100 ## - MAIN ENTRY--PERSONAL NAME
Personal name Brijesh Singh
245 ## - TITLE STATEMENT
Title Comprehensive Modern Indian History/
Statement of responsibility, etc by Brijesh Singh
250 ## - EDITION STATEMENT
Edition statement 1
260 ## - PUBLICATION, DISTRIBUTION, ETC. (IMPRINT)
Place of publication, distribution, etc New Delhi
Name of publisher, distributor, etc S Chand and Company Limited
Date of publication, distribution, etc 2023
270 ## - ADDRESS
Address A-27, 2nd Floor, Mohan Co-operative Industrial Estate
City New Delhi
Postal code 110044
Electronic mail address info@schandpublishing.com
Telephone number 011-49731800
300 ## - PHYSICAL DESCRIPTION
Extent xxxiv,406p.
Dimensions 23cm(pb)
500 ## - GENERAL NOTE
General note From 1707 To The Modern Times (UPSC CSE Edition)
942 ## - ADDED ENTRY ELEMENTS (KOHA)
Source of classification or shelving scheme Dewey Decimal Classification
Item type English Books
Classification part 954
Call number suffix BRI
Edition 1
Holdings
Withdrawn status Lost status Not for loan Collection code Home library Current library Date acquired Source of acquisition Cost, normal purchase price Full call number Barcode Copy number Cost, replacement price Koha item type
      Non-fiction Central Library Central Library 11/12/2024 Delivery of Books Division 450.00 954 BRI EN-126487 1 450.00 English Books

© Delhi Public Library
Hit Counter
free hit counter